Good capitalism, bad capitalism, and the economics of growth and prosperity / (Record no. 36493)

MARC details
000 -LEADER
campo de control de longitud fija 02615cam a2200565 a 4500
001 - NÚMERO DE CONTROL
campo de control 79111
005 - FECHA Y HORA DE LA ÚLTIMA TRANSACCIÓN
campo de control 20230410105427.0
008 - DATOS DE LONGITUD FIJA--INFORMACIÓN GENERAL
campo de control de longitud fija 061030s2007 ctua b 001 0 eng
010 ## - NÚMERO DE CONTROL DE LA BIBLIOTECA DEL CONGRESO
Número de control de LC 2006036191
035 ## - NÚMERO DE CONTROL DEL SISTEMA
Número de control de sistema (OCoLC)ocm74916085
040 ## - FUENTE DE CATALOGACIÓN
Centro catalogador/agencia de origen DLC
Centro/agencia transcriptor DLC
Centro/agencia modificador BAKER
-- BTCTA
-- UKM
-- C#P
-- YDXCP
-- IXA
-- VP@
-- NOR
-- MUQ
-- OCLCG
-- NLGGC
-- TSU
-- CQU
-- LMR
015 ## - NÚMERO DE BIBLIOGRAFÍA NACIONAL
Número de bibliografía nacional GBA715985
Fuente bnb
015 ## - NÚMERO DE BIBLIOGRAFÍA NACIONAL
Número de bibliografía nacional GBA978730
Fuente bnb
016 7# - NÚMERO DE CONTROL DE UNA AGENCIA BIBLIOGRÁFICA NACIONAL
Número de control del registro 013683144
Fuente Uk
016 7# - NÚMERO DE CONTROL DE UNA AGENCIA BIBLIOGRÁFICA NACIONAL
Número de control del registro 015346514
Fuente Uk
020 ## - NÚMERO INTERNACIONAL ESTÁNDAR DEL LIBRO
Número Internacional Estándar del Libro 0300109415 (cloth : alk. paper)
020 ## - NÚMERO INTERNACIONAL ESTÁNDAR DEL LIBRO
Número Internacional Estándar del Libro 9780300109412 (cloth : alk. paper)
020 ## - NÚMERO INTERNACIONAL ESTÁNDAR DEL LIBRO
Número Internacional Estándar del Libro 9780300158328 (pbk.)
020 ## - NÚMERO INTERNACIONAL ESTÁNDAR DEL LIBRO
Número Internacional Estándar del Libro 0300158327 (pbk.)
029 1# - OTRO NÚMERO DE CONTROL DE SISTEMA (OCLC)
Identificador de la biblioteca OCLC YDXCP
Número de control de sistema 2497299
029 1# - OTRO NÚMERO DE CONTROL DE SISTEMA (OCLC)
Identificador de la biblioteca OCLC AU@
Número de control de sistema 000041019597
029 1# - OTRO NÚMERO DE CONTROL DE SISTEMA (OCLC)
Identificador de la biblioteca OCLC NZ1
Número de control de sistema 11087115
029 1# - OTRO NÚMERO DE CONTROL DE SISTEMA (OCLC)
Identificador de la biblioteca OCLC NLGGC
Número de control de sistema 304324655
035 ## - NÚMERO DE CONTROL DEL SISTEMA
Número de control de sistema (OCoLC)74916085
050 14 - SIGNATURA TOPOGRÁFICA DE LA BIBLIOTECA DEL CONGRESO
Número de clasificación HB501
Número de ítem .B372 2007
082 00 - NÚMERO DE LA CLASIFICACIÓN DECIMAL DEWEY
Número de clasificación 330.12/2
Número de edición 22
084 ## - OTRO NÚMERO DE CLASIFICACIÓN
Número de clasificación 83.21
Fuente del número bcl
100 1# - ENTRADA PRINCIPAL--NOMBRE DE PERSONA
Nombre de persona Baumol, William J.,
Fechas asociadas al nombre 1922-
245 10 - MENCIÓN DEL TÍTULO
Título Good capitalism, bad capitalism, and the economics of growth and prosperity /
Mención de responsabilidad, etc. William J. Baumol, Robert E. Litan, Carl J. Schramm.
260 ## - PUBLICACIÓN, DISTRIBUCIÓN, ETC.
Lugar de publicación, distribución, etc. New Haven :
Nombre del editor, distribuidor, etc. Yale University Press,
Fecha de publicación, distribución, etc. c2007.
300 ## - DESCRIPCIÓN FÍSICA
Extensión x, 321 p. :
Otras características físicas ill. ;
Dimensiones 25 cm.
504 ## - NOTA DE BIBLIOGRAFÍA, ETC.
Nota de bibliografía, etc. Includes bibliographical references (p. 299-312) and index.
505 00 - NOTA DE CONTENIDO CON FORMATO
Título Preface --
Información miscelánea 1.
Título Entrepreneurship and growth : a missing piece of the puzzle --
Información miscelánea 2.
Título Why economic growth matters --
Información miscelánea 3.
Título What drives economic growth? --
Información miscelánea 4.
Título Capitalism : the different types and their impacts on growth --
Información miscelánea 5.
Título Growth at the cutting edge --
Información miscelánea 6.
Título Unleashing entrepreneurship in less developed economies --
Información miscelánea 7. The
Título big-firm wealthy economies : preventing retreat or stagnation --
Información miscelánea 8. The
Título care and maintenance of entrepreneurial capitalism --
-- Appendix : Data collection and measurement issues --
-- Notes --
-- Bibliography --
-- Index.
650 #0 - PUNTO DE ACCESO ADICIONAL DE MATERIA--TÉRMINO DE MATERIA
Término de materia o nombre geográfico como elemento de entrada Capitalism.
650 #0 - PUNTO DE ACCESO ADICIONAL DE MATERIA--TÉRMINO DE MATERIA
Término de materia o nombre geográfico como elemento de entrada Entrepreneurship.
650 #6 - PUNTO DE ACCESO ADICIONAL DE MATERIA--TÉRMINO DE MATERIA
Término de materia o nombre geográfico como elemento de entrada Capitalisme.
650 #6 - PUNTO DE ACCESO ADICIONAL DE MATERIA--TÉRMINO DE MATERIA
Término de materia o nombre geográfico como elemento de entrada Entrepreneuriat.
650 17 - PUNTO DE ACCESO ADICIONAL DE MATERIA--TÉRMINO DE MATERIA
Término de materia o nombre geográfico como elemento de entrada Kapitalisme.
Fuente del encabezamiento o término gtt
650 17 - PUNTO DE ACCESO ADICIONAL DE MATERIA--TÉRMINO DE MATERIA
Término de materia o nombre geográfico como elemento de entrada Ondernemerschap
Fuente del encabezamiento o término gtt
700 1# - ENTRADA AGREGADA--NOMBRE PERSONAL
Nombre de persona Litan, Robert E.,
Fechas asociadas al nombre 1950-
700 1# - ENTRADA AGREGADA--NOMBRE PERSONAL
Nombre de persona Schramm, Carl J.
856 42 - LOCALIZACIÓN Y ACCESO ELECTRÓNICOS
Materiales especificados Contributor biographical information
Identificador Uniforme de Recursos <a href="http://www.loc.gov/catdir/enhancements/fy0743/2006036191-b.html">http://www.loc.gov/catdir/enhancements/fy0743/2006036191-b.html</a>
856 42 - LOCALIZACIÓN Y ACCESO ELECTRÓNICOS
Materiales especificados Publisher description
Identificador Uniforme de Recursos <a href="http://www.loc.gov/catdir/enhancements/fy0743/2006036191-d.html">http://www.loc.gov/catdir/enhancements/fy0743/2006036191-d.html</a>
856 41 - LOCALIZACIÓN Y ACCESO ELECTRÓNICOS
Materiales especificados Table of contents
Identificador Uniforme de Recursos <a href="http://www.loc.gov/catdir/toc/fy0716/2006036191.html">http://www.loc.gov/catdir/toc/fy0716/2006036191.html</a>
938 ## -
-- Baker & Taylor
-- BKTY
-- 30.00
-- 22.50
-- 0300109415
-- 0006769835
-- active
938 ## -
-- YBP Library Services
-- YANK
-- 2497299
938 ## -
-- Baker and Taylor
-- BTCP
-- BK0006769835
942 ## - ELEMENTOS DE ENTRADA SECUNDARIOS (KOHA)
Fuente del sistema de clasificación o colocación Clasificación de Library of Congress
Tipo de ítem Koha
994 ## -
-- C0
-- DRFGD
Holdings
Estatus retirado Estado de pérdida Fuente del sistema de clasificación o colocación Estado de daño No para préstamo Colección Biblioteca de origen Biblioteca actual Ubicación en estantería Fecha de adquisición Serial enumeration / chronology Signatura topográfica completa Código de barras Visto por última vez Copia número Tipo de ítem Koha
    Clasificación de Library of Congress     Ciencias Sociales Biblioteca Juan Bosch Biblioteca Juan Bosch Ciencias Sociales (3er. Piso) 10/04/2023 3 HB501 .B372 2007 00000071455 24/10/2018 1